La esencia de la filosofía tomista
Na minha lista:
| Autor principal: | |
|---|---|
| Formato: | Livro |
| Idioma: | espanhol |
| Publicado em: |
Buenos Aires
Depalma
1990
|
| Colecção: | Obras de Ismael Quiles, 19
|
| Assuntos: | |
| Tags: |
Adicionar Tag
Sem tags, seja o primeiro a adicionar uma tag!
|
MARC
| LEADER | 00000nam a2200000 a 4500 | ||
|---|---|---|---|
| 001 | UCY7757 | ||
| 003 | CL-VaPUC | ||
| 008 | 950622e19900000AG |||||||||||||||||spa|d | ||
| 082 | 0 | 4 | |a 201 |b QUI |2 21 |
| 100 | 0 | |a Quiles, Ismael |e author |9 338513 | |
| 245 | 1 | 3 | |a La esencia de la filosofía tomista |
| 300 | |a 471 p | ||
| 942 | |c BK | ||
| 945 | |d 19950622 00:00:00 |a aalvarez | ||
| 260 | |a Buenos Aires |b Depalma |c 1990 | ||
| 650 | 0 | |a Tomismo |9 259214 | |
| 583 | |a last modification |c 19950622 00:00:00 |k Rodrigo Vera | ||
| 490 | 0 | |a Obras de Ismael Quiles, 19 | |
| 999 | |c 235076 |d 235074 | ||
| 952 | |0 0 |1 0 |4 0 |6 201_000000000000000_QUI_1990 |7 0 |8 A |9 242226 |a BIBTEO |b BIBTEO |d 2019-11-18 |i 3094154 |o 201 QUI 1990 |p 3094154 |r 2025-01-17 |w 2019-11-18 |y BK |k ICR | ||